000 00572cam a22001933a 4500
001 45164
003 PGUSA
005 20140828084031.0
008 140318s2014||||xxu|||||s|||||000 | eng d
040 _aPGUSA
_beng
042 _adc
245 1 0 _aVillage Annals, Containing Austerus and Humanus :
_bA Sympathetic Tale
_h[electronic resource] /
_cAnonymous
260 _bProject Gutenberg,
_c2014
506 _aPublic domain in the USA.
516 _aElectronic text
830 0 _aProject Gutenberg
_v45164
856 4 0 _uhttp://www.gutenberg.org/ebooks/45164
942 _cEB
999 _c274415
_d274415